000 00610nam a2200241Ia 4500
003 IT-RoPAU
005 20220918175246.0
008 120407s9999 xx 000 0 und d
040 _aIT-RoPAU
040 _cIT-RoPAU
041 _aita
100 _aGiovanni Santinello
_934125
100 _ccoll.
_946
245 _aI problemi della pedagogia e della filosofia. La pedagogia nei rapporti con la filosofia, le scienze e la cultura
250 _aRoma
260 _aCittà Nuova
260 _c1982
300 _c21 cm
490 _v1
700 _aGuido Giugni
_934126
942 _cBK
_2ddc
999 _c92
_d92